Statistics for Biggest cities in Europe

Click here to take the quiz!

General Stats

  • This quiz has been taken 31 times
  • The average score is 15 of 15

Answer Stats

CountryAnswer% Correct
GermanyBerlin
100%
RomaniaBucharest
100%
HungaryBudapest
100%
UkraineKyiv
100%
United KingdomLondon
100%
SpainMadrid
100%
RussiaMoscow
100%
FranceParis
100%
ItalyRome
100%
AustriaVienna
100%
PolandWarsaw
100%
Turkey (European)Istanbul
97%
BelarusMinsk
97%
RussiaSaint Petersburg
97%
GermanyHamburg
90%

Score Distribution

Percentile by Number Answered

Percent of People with Each Score

Your Score History

You have not taken this quiz